| 000 | 00537nam a2200133Ia 4500 | ||
|---|---|---|---|
| 008 | 220217s9999 xx 000 0 und d | ||
| 100 | _aMrudula P. Mustapha | ||
| 245 | 0 | _aEngineering transient expression of chitinase gene in Bacillus sbutilis, an endosymbiont in Hevea: An approach to control Corynespora leaf disease in Hevea brasiliensis | |
| 260 |
_bMahatma Gandhi University _a Kottayam _c2007 |
||
| 500 | _aAvailable in Physiology | ||
| 500 | _aCourse: M.Sc. | ||
| 700 | _aDr MB Mohammed Sathik and Dr R Krishnakumar | ||
| 942 | _cTS | ||
| 999 |
_c74476 _d74476 |
||